000 00436nam a2200157Ia 4500
008 100122s9999 xx 000 0 und d
082 _b68930
_a823
100 _aपेठे मेघना
245 _aनातिचरामि
250 _a3
260 _bराजहंस प्रकाशन
_c2006
300 _a335
630 _aनातिचरामि
730 _aनातिचरामि
942 _cBOOK
999 _c440432
_d440429